000 01324nam0a2200325 4500
001 RU\NLR\BIBL_A\011398329
005 20260406120532.0
010 _a978-5-9908159-7-1
_9300
021 _aRU
_b2017-15631
_91158
035 _a(NLR Aleph) 011398329
090 _a11493037
_c11493037
100 _a20170602d2016 |||y0rusy50 ca
101 0 _acrh
_crus
102 _aRU
105 _aa z 000 y
200 1 _aBalьqcь ve balьcьq haqqьnda masal
_fA. S. Puşkin
_gresimleri ressam A. Varfolomejevnin
_gкъырымтатар тилине терджиме О. Амит
205 _aфакс. изд.
210 _aСимферополь
_cИ. Гаспринский адына Медиамеркез
_d2016
215 _a16 с.
_cцв. ил.
_d30
300 _aФакс. воспроизведение изд. 1937 г.
300 _aЛатин. графика.
541 1 _aСказка о рыбаке и рыбке
_zrus
686 1 _aШ9(2)672=К.-тат.(Р)-5
700 1 _4070
_8rus
_7ca
_aПушкин
_bА. С.
_cпоэт
_f1799-1837
_gАлександр Сергеевич
_3RU\NLR\AUTH\77386
_9110441
702 1 _aАмит
_bО.
_f1910-1942
_gОсман
_4730
702 1 _aВарфоломеев
_bА.
_4440
852 _aNLR
_bОНЛ
_jК.-тат./5-18
942 _cBOOK
980 _aNB